000 00706nam a2200205Ia 4500
005 20241129111311.0
008 241129s9999||||xx |||||||||||||| ||und||
037 _aTB
040 _aCRL
_bpun
_cCRL
041 _apun
_2pun
084 _aQ8441 153R3
_qCRL
100 _aਸਿੰਘ, ਕਪੂਰ, ਚ।
245 0 _aਪਾਰਾਸ਼ਰ ਪ੍ਰਸ਼ਨ
_cਸਿੰਘ, ਕਪੂਰ, ਚ।
260 _aਬਠਿੰਡਾ, ਭਾਰਤ
_bਬਠਿੰਡਾ ਸੈਂਟਰਲ ਯੂਨੀਵਰਸਿਟੀ ਆਫ਼ ਪੰਜਾਬ
_c2023
300 _a272ਪ੍ਰ0
365 _aINR
_b550
650 _aSikhismReligion
942 _cTB
_hQ8441 153R3
999 _c1229814
_d1229814